| 000 | 00643nam a22002057a 4500 | ||
|---|---|---|---|
| 003 | OSt | ||
| 005 | 20260203081732.0 | ||
| 008 | 260203b |||||||| |||| 00| 0 eng d | ||
| 020 | _a974-8279-72-3 | ||
| 040 |
_aDWC-Main lib _cOC |
||
| 082 |
_22nd edition _aRes. 025.1076 P9941 2000 |
||
| 100 | _aPymm, Bob | ||
| 245 |
_aLearn library management _cBob Pymm |
||
| 260 |
_bBook promotion & service co., ltd. _cc2000. |
||
| 300 |
_a160 pages : _c30 cm. |
||
| 504 | _aincludes bibliographical and index. | ||
| 650 | _a1. Library administration-Problems, exercises, etc. | ||
| 650 | _a2. Library administration. | ||
| 942 |
_2ddc _cBK-0 CIRC _kRes. _n0 |
||
| 999 |
_c8217 _d8217 |
||